000 00561nam a2200217 a 4500
001 BRCA_7028
005 20190320205701.0
008 291111s1947----enka######---#000-0#eng-#
041 _aeng
044 _aenk
050 4 _aSB413
_b.C3 A54
_c1947
245 1 0 _aCarnations and all Dianthus
_cMontagu C. Alwood
250 _a3
260 _aHayward´s Heath, Inglaterra
_bAllwood Bros
_c1947
300 _a380 p.
_bil. a color
_c22 cm.
500 _aI175
650 1 4 _aClaveles
_97676
700 1 _aAlwood, Montagu C.
_917475
902 _aGFM
942 _2lcc
_cB
999 _c6709
_d6709